| 000 | 00488nam a2200157Ia 4500 | ||
|---|---|---|---|
| 008 | 230718s9999 xx 000 0 und d | ||
| 041 | _aeng | ||
| 082 |
_a621.37 _bTHE |
||
| 100 |
_aTheraja B.L. _9126181 |
||
| 245 | _aTextbook Of Electrical Technology In SIUnits Vol.II: AC And DC Machines | ||
| 260 |
_c2009 _bS. Chand & Company |
||
| 300 | _a865 To 1568 | ||
| 365 |
_cRs. _b375.00 |
||
| 700 | _aTheraja B.L. & Theraja A.K. | ||
| 906 |
_dO:0022231-Aug-2009B:219706-Jul-2009 _cSS _b318.75 |
||
| 999 |
_c322165 _d322165 |
||